གཞོན༌ནུ༌འཛུམ༌པའི༌གཏམ༌མཛོད། (Record no. 4426)

MARC details
000 -LEADER
fixed length control field 00612nam a2200205 4500
001 - CONTROL NUMBER
control field 5275
005 - DATE AND TIME OF LATEST TRANSACTION
control field 20190808135752.0
008 - FIXED-LENGTH DATA ELEMENTS--GENERAL INFORMATION
fixed length control field 190808b ||||| |||| 00| 0 eng d
020 00 - INTERNATIONAL STANDARD BOOK NUMBER
International Standard Book Number 9993665320
090 00 - LOCALLY ASSIGNED LC-TYPE CALL NUMBER (OCLC); LOCAL CALL NUMBER (RLIN)
Classification number (OCLC) (R) ; Classification number, CALL (RLIN) (NR) 245.4 W2469g 2007
100 00 - MAIN ENTRY--PERSONAL NAME
Personal name Wangmo, Ngawang.
245 00 - TITLE STATEMENT
Title གཞོན༌ནུ༌འཛུམ༌པའི༌གཏམ༌མཛོད།
Statement of responsibility, etc. Ngawang Wangmo.
246 ## - VARYING FORM OF TITLE
Title proper/short title [Buddhist teachings].
250 00 - EDITION STATEMENT
Edition statement 1st
260 00 - PUBLICATION, DISTRIBUTION, ETC.
Place of publication, distribution, etc. Thimphu :
Name of publisher, distributor, etc. KMT Publisher,
Date of publication, distribution, etc. 2006.
300 00 - PHYSICAL DESCRIPTION
Extent 79 p. ; 25 cm.
500 00 - GENERAL NOTE
General note In Dzongkha.
650 00 - SUBJECT ADDED ENTRY--TOPICAL TERM
Topical term or geographic name entry element Buddhism --Bhutan --Doctrines --History.
942 ## - ADDED ENTRY ELEMENTS (KOHA)
Source of classification or shelving scheme Dewey Decimal Classification
Koha item type Dzongkha
Holdings
Withdrawn status Lost status Source of classification or shelving scheme Damaged status Not for loan Collection code Home library Current library Shelving location Date acquired Serial Enumeration / chronology Inventory number Total Checkouts Full call number Barcode Date last seen Price effective from Koha item type
    Dewey Decimal Classification     Dzongkha RTC Library RTC Library Dzongkha 12/01/2022 8557   245.4 WAN 30008853 12/01/2022 27/11/2018 Dzongkha
Royal Thimphu College || All Right Reserved